Lập trình hướng đối tượng sử dụng C++

Gespeichert in:
Bibliographische Detailangaben
1. Verfasser: Trần Văn Lăng
Format: Buch
Veröffentlicht: Thống kê 1998
Tags: Tag hinzufügen
Keine Tags, Fügen Sie den ersten Tag hinzu!
Thư viện lưu trữ: Mạng thư viện Đại học Đà Nẵng
LEADER 00569nam a2200229 a 4500
001 000028751
003 265
005 20171030145630.0
008 171030s1998
020 |c 37000 
040 |a LTT 
082 0 |a 005.133  |b TR-L 
100 1 |a Trần Văn Lăng 
245 0 0 |a Lập trình hướng đối tượng sử dụng C++  |c Trần Văn Lăng. 
260 |b Thống kê  |c 1998 
OWN |a LTT 
999 |a From the UDN01 
TYP |a Monograph 
TYP |a Printed language 
980 |a Mạng thư viện Đại học Đà Nẵng